Probabilidad y estadística aplicadas a la ingeniería

Saved in:
Bibliographic Details
Main Authors: Montgomery, Douglas C. (Author), Runger, George C (Author)
Format: Book
Language:Spanish
Published: Ciudad de México, México Limusa 2007
Edition:2a. edición
Subjects:
Online Access:Disponible Online
Tags: Add Tag
No Tags, Be the first to tag this record!

MARC

LEADER 00000cam a2200000 a 4500
001 UCG4351
003 CL-VaPUC
005 20240104151322.0
008 101028e20070000MX |||||||||||||||||spa|d
999 |c 343128  |d 343126 
020 |a 9789681859152 
040 |c Pontificia Universidad Católica de Valparaíso 
082 0 4 |a 519.5 MON 2007  |2 21 
100 |a Montgomery, Douglas C.  |e author  |9 602209 
245 1 0 |a Probabilidad y estadística aplicadas a la ingeniería 
250 |a 2a. edición  
260 |a Ciudad de México, México  |b Limusa  |c 2007 
300 |a 817 páginas  
583 |a last modification  |c 20140526 05:38:25  |k Rodrigo Vera 
650 0 |a Probabilidades   |9 260199 
650 0 |a Estadística   |9 259535 
650 0 |a Análisis estadístico  |9 269506 
650 0 |a Ingeniería   |9 259380 
700 0 |a Runger, George C  |e author  |9 553691 
856 |u http://bibliografiadigital.pucv.cl.pucv.idm.oclc.org/index.php/bibliotecapucv/catalog/book/469  |y Disponible Online  
942 |c BK  |2 ddc 
945 |d 20101028 00:00:00  |a mfarfan 
952 |0 0  |1 0  |4 0  |6 519_500000000000000_MON_2007  |7 0  |8 A  |9 440149  |a BIBALI  |b BIBALI  |c RES  |d 2019-11-22  |i 472948K  |o 519.5 MON 2007  |p 472948K  |r 2025-01-20  |w 2019-11-22  |y BK_R  |k ALI 
952 |0 0  |1 0  |4 0  |6 519_500000000000000_MON_2007  |7 0  |8 A  |9 440150  |a BIBALI  |b BIBALI  |c RES  |d 2019-11-22  |i 4729498  |o 519.5 MON 2007  |p 4729498  |r 2025-01-20  |w 2019-11-22  |y BK_R  |k ALI 
952 |0 0  |1 0  |4 0  |6 519_500000000000000_MON_2007  |7 0  |8 A  |9 440151  |a BIBMEC  |b BIBMEC  |d 2019-11-22  |i 4870034  |o 519.5 MON 2007  |p 4870034  |r 2019-11-22  |w 2019-11-22  |y BK  |k MEC 
952 |0 0  |1 0  |3 erb  |4 0  |6 519_500000000000000_MON_2007  |7 0  |8 R  |9 440152  |a BIBGIM  |b BIBGIM  |i 5072913  |o 519.5 MON 2007  |p 5072913  |r 2025-01-15  |w 2019-11-22  |y BK_R  |z Catalogado en:20140529  |k EST 
952 |0 0  |1 0  |3 erb  |4 0  |6 519_500000000000000_MON_2007  |7 0  |8 R  |9 440153  |a BIBGIM  |b BIBGIM  |i 5072921  |o 519.5 MON 2007  |p 5072921  |r 2025-01-15  |w 2019-11-22  |y BK_R  |z Catalogado en:20140529  |k EST 
952 |0 0  |1 0  |3 erb  |4 0  |6 519_500000000000000_MON_2007  |7 0  |8 R  |9 440154  |a BIBGIM  |b BIBGIM  |i 507293K  |o 519.5 MON 2007  |p 507293K  |r 2025-01-15  |w 2019-11-22  |y BK_R  |z Catalogado en:20140529  |k EST